Diseño de espesores de pavimento con adoquín por la AASHTO 93 en el departamento de Estelí distrito lll zona media longitud 900 metros lineales
Presenta el diseño estructural de pavimentos a base de adoquines de concreto de un tramo de carretera de 900 metros lineales. El proyecto se encuentra ubicado en el departamento de Estelí, y comunica la parte céntrica de la ciudad, a barrios aledaños al distrito y comunidades.
| Main Authors: | , |
|---|---|
| Other Authors: | |
| Format: | Tesis Section = Libro |
| Language: | Undetermined Spanish |
| Published: |
Managua
UNI/RUACS
2016
|
| Subjects: |
| LEADER | 01150nam a2200253Ia 4500 | ||
|---|---|---|---|
| 008 | 240830s9999 xx 000 0 und d | ||
| 040 | |a BIBLIOTECA-RUPAP T.Mon 625.85 T694 | ||
| 041 | |a spa | ||
| 082 | |a T.Mon 625.85 T694 | ||
| 100 | 1 | |a Torres Moreno, Darwin Jesús | |
| 100 | 1 | |b Torrez Torrez, Wilber José | |
| 245 | 1 | 0 | |a Diseño de espesores de pavimento con adoquín por la AASHTO 93 en el departamento de Estelí distrito lll zona media longitud 900 metros lineales |
| 260 | |a Managua |b UNI/RUACS |c 2016 | ||
| 300 | |a 91 p. :il. | ||
| 500 | |a Contiene: anexos y CD. | ||
| 502 | |a Tesis (Ingeniero Civil)- UNI, 2016. | ||
| 520 | 3 | |a Presenta el diseño estructural de pavimentos a base de adoquines de concreto de un tramo de carretera de 900 metros lineales. El proyecto se encuentra ubicado en el departamento de Estelí, y comunica la parte céntrica de la ciudad, a barrios aledaños al distrito y comunidades. | |
| 650 | 7 | |a PAVIMENTOS | |
| 650 | 7 | |b PAVIMENTOS – DISEÑO Y CONSTRUCCION | |
| 650 | 7 | |c PAVIMENTOS DE ASFALTO | |
| 700 | 1 | |a Tutor: |b Bustamante Arteaga, José Fernando | |
| 942 | |c BK |2 ddc | ||
| 991 | |a TESIS | ||
| 999 | |c 18417 | ||